Oeuvres complètes de Eugène Scribe. (Record no. 171029)

MARC details
000 -LEADER
campo de control de longitud fija 00802nam a22001935i 4500
001 - NÚMERO DE CONTROL
campo de control 171029
003 - IDENTIFICADOR DE NÚMERO DE CONTROL
campo de control ES-MaACL
005 - FECHA Y HORA DE LA ÚLTIMA TRANSACCIÓN
campo de control 20230906214524.0
008 - DATOS DE LONGITUD FIJA--INFORMACIÓN GENERAL
campo de control de longitud fija 090422s1874 fr |||| | fre d
080 ## - NÚMERO DE LA CLASIFICACIÓN DECIMAL UNIVERSAL
Número de la Clasificación Decimal Universal 821.133.1-2"18"
100 1# - ENTRADA PRINCIPAL--NOMBRE DE PERSONA
Nombre de persona Scribe, Eugène.
9 (RLIN) 104966
245 10 - MENCIÓN DEL TÍTULO
Título Oeuvres complètes de Eugène Scribe.
Número de parte o sección de la obra 5me série,
Nombre de parte o sección de la obra Proverbes. Nouvelles. Romans.
260 ## - PUBLICACIÓN, DISTRIBUCIÓN, ETC.
Lugar de publicación, distribución, etc. Paris :
Nombre del editor, distribuidor, etc. E. Dentu,
Fecha de publicación, distribución, etc. 1874 (
Fabricante Paul Dupont)
300 ## - DESCRIPCIÓN FÍSICA
Extensión 370 p. ;
Dimensiones 19 cm.
505 8# - NOTA DE CONTENIDO CON FORMATO
Nota de contenido con formato Contiene: Un ministre sous Louis XV ; Le Jeune docteur ; Le Tête-à-tête ; La Conversion ; Potemkin ; Le Prix de la vie ; Judith ; Le Roi de carreau ; Les Malheurs heureux.
700 1# - ENTRADA AGREGADA--NOMBRE PERSONAL
Nombre de persona Dentu, E.,
Término indicativo de función/relación
9 (RLIN) 230064
700 1# - ENTRADA AGREGADA--NOMBRE PERSONAL
Nombre de persona Dupont, Paul.
9 (RLIN) 46109
852 4# - LOCALIZACIÓN
Ubicación ES-MaACL
Número de control de estantería E-12599
itemnumber R.140244
Nota libre . - Biblioteca Jacinto Martínez Lacalle
Holdings
Estatus retirado Estado de pérdida Estado de daño No para préstamo Colección Biblioteca de origen Biblioteca actual Ubicación en estantería Fecha de adquisición Fuente de adquisición Total de préstamos Signatura topográfica completa Código de barras Visto por última vez Precio de reemplazo Tipo de ítem Koha
        Libros del s. XIX Biblioteca del Ateneo de Madrid Biblioteca del Ateneo de Madrid Depósito 2 22/04/2009     E-12599 1179492 23/02/2023 23/02/2023 Libro impreso antiguo